000 00582nam a2200229Ia 4500
003 OSt
005 20220924152250.0
006 a|||||r|||| 00| 0
007 ta
008 220923b |||||||| |||| 00| 0 mar d
024 _a341753
037 _cTextual
040 _aARTS
_cARTS
_bmar
041 _2mar
_amar
082 _aO155,3Nkrh,1, K2
100 _aKanhade Sada
_9225686
245 0 _aVimal dharpare
260 _c1962
650 _aMARATHI LITERATURE
_938000
942 _hO155,3Nkrh,1, K2
_cTEXL
_2CC
999 _c469297
_d469297